La interpretacin̤ de la ley

Bibliographic Details
Main Author: Tarello, Giovanni
Format: eBook
Language:Spanish
Published: Lima: Palestra Editores, 2018
Subjects:
Online Access:Acceso restringido

MARC

LEADER 00000nam a22000007a 4500
005 2019082306086.0
007 cr|||| ||||
008 190823s2018 pe |||||s|||| 00||0 spa d
020 |a 978-612-325-029-4 
035 |a 24174 
040 |a vLex 
090 |c 9270  |d 9270 
100 1 |a Tarello, Giovanni 
245 1 2 |a La interpretacin̤ de la ley  |h [Recurso electrn̤ico] /  |c Giovanni Tarello 
256 |a Servicio en ln̕ea 
260 |a Lima:  |b Palestra Editores,  |c 2018 
300 |a 1 recurso electrn̤ico 
506 1 |a Disponible solo en los productos indicados  |d vLex Global  |d vLex Global (Academic Edition, excluding Law Schools)  |d vLex Global (U.S. Academic Edition, Law Schools)  |d vLex Global (U.S. Academic Edition, excluding Law Schools)  |d vLex Global (Academic Edition, Law Schools) 
650 0 4 |a Derecho Constitucional  |z Per︢ 
740 0 |a vLex Libros (Servicio en ln̕ea) 
856 4 0 |u http://vlex.com/source/interpretacion-ley-24174  |z Acceso restringido 
942 |c BOOK 
999 0 |a Constitutional right